| 000 | 00864nmc a2200301 a 4500 | ||
|---|---|---|---|
| 003 | AR-BaBNM | ||
| 005 | 20251128202718.0 | ||
| 008 | 155020s2002 ||||||||||||||000 | spa|| | ||
| 020 | _a950-9467-59-6 | ||
| 040 | _cAR-BaBNM | ||
| 100 | 1 | _aRozenhauz, Julieta | |
| 245 | 1 | 0 |
_aLlegaron para quedarse _bpropuestas de inserción de las nuevas tecnologías en las aulas |
| 250 | _a1ª ed. | ||
| 260 |
_aBuenos Aires _bMiño y Dávila _c2002 |
||
| 300 | 0 | _a175 p. | |
| 490 | 0 | _aTeckne : cuadernos tecnológicos | |
| 504 | _aBibliografía en p. 173-175 | ||
| 650 | 4 | _aTECNOLOGIA EDUCATIVA | |
| 650 | 4 | _aRECURSOS DIDACTICOS | |
| 650 | 4 | _aMATERIAL IMPRESO | |
| 650 | 4 | _aMATERIAL AUDIOVISUAL | |
| 653 | _aMULTIMEDIA | ||
| 653 | _aEDUCACION A DISTANCIA | ||
| 653 | _aEDUCACION VIRTUAL | ||
| 700 | 1 | _aSteinberg, Silvia | |
| 942 | _cBK | ||
| 998 | _cme-solo cat | ||
| 999 |
_c207 _d207 |
||